000 00438nam a2200181Ia 4500
001 4836
005 20260306145824.0
008 260306t2004||||xx |||||||||||||| ||spa||
041 _aESP
082 _a330.9
_bY19
100 _aYamada Fukusaki, Gustavo
_eAUT
245 0 _aEconomía laboral en el Perú texto impreso
260 _c2004
300 _a93 páginas :
_ccm.
650 _aGEN
654 _aCAN
942 _cLIB
_dJUS
_fJUS
_2ddc
_n
999 _c4836
_d4836